Comparative study of bioethanol production from sugar cane molasses by using yeast and bacteria / (Record no. 601684)

000 -LEADER
fixed length control field 00503nam a2200157Ia 4500
008 - FIXED-LENGTH DATA ELEMENTS--GENERAL INFORMATION
fixed length control field 230907s9999||||xx |||||||||||||| ||und||
082 ## - DEWEY DECIMAL CLASSIFICATION NUMBER
Classification number 662.669
Author Mark ASI
100 ## - MAIN ENTRY--PERSONAL NAME
Personal name Asif Hussain (NUST201260733MCES64112F)
245 #0 - TITLE STATEMENT
Title Comparative study of bioethanol production from sugar cane molasses by using yeast and bacteria /
264 ## - PRODUCTION, PUBLICATION, DISTRIBUTION, MANUFACTURE, AND COPYRIGHT NOTICE
Place of production, publication, distribution, manufacture Islamabad :
Name of producer, publisher, distributor, manufacturer USPCAS-E
300 ## - PHYSICAL DESCRIPTION
Extent vii, 78 p.
520 ## - SUMMARY, ETC.
Summary, etc. TH-5
650 ## - SUBJECT ADDED ENTRY--TOPICAL TERM
Topical term or geographic name entry element MS-ESE Thesis MS Thesis
700 ## - ADDED ENTRY--PERSONAL NAME
Personal name Dr Ehsan Ali
942 ## - ADDED ENTRY ELEMENTS (KOHA)
Source of classification or shelving scheme
Koha item type Thesis
Holdings
Withdrawn status Permanent Location Current Location Date acquired Full call number Barcode Koha item type
  US-Pakistan Center for Advanced Studies in Energy (USPCAS-E) US-Pakistan Center for Advanced Studies in Energy (USPCAS-E) 07/24/2019 662.669 ASI CAS-ETH0000005 Thesis
© 2023 Central Library, National University of Sciences and Technology. All Rights Reserved.